• 首页
  • 本馆介绍
  • 公告通知
  • 最新文献
  • 馆藏检索
  • 电子资源
  • 读者导购
  • 参考咨询
  • 我的图书馆
  • 登录
  • 详细信息显示
  • 放入我的书架
  • 预约/预借图书
  • 作者相关作品
  • 分类相关作品
  • 丛书相关作品
  • 出版社相关作品

书目信息

  • 表格格式
  • 工作单格式
  • 卡片格式
题名:
读史集
    
 
作者: 何兹全 著
分册:  
出版信息: 上海   上海教育出版社  1982.4
页数: 363页
开本: 20cm
丛书名:
单 册:
中图分类: K03
科图分类:
主题词: 史学--专题研究
电子资源:
ISBN:
000 00519nam0 2200205 45
001 0312221749
005 20031225143736.1
010    @dCNY1.40
091    @a11074.489
100    @a20031222d1982 km y0chiy0120 ea
101    @achi
105    @a z 000yy
200 1  @a读史集@ADu Shi Ji@f何兹全著@FHe Zi Quan Zhu
210    @a上海@c上海教育出版社@d1982.4
215    @a363页@d20cm
606 0  @a史学@x专题研究
690    @aK03@v3
701 0  @a何兹全@4著
801    @aCN@bTSTCL@c20031222
905    @dK03@e14@f3@b79748-750
    
    读史集/何兹全著.-上海:上海教育出版社,1982.4
    363页;20cm
    
    
    ISBN :CNY1.40
    
●
相关链接 在E读中查询图书 在五车中查询图书 在当当中查询图书 在豆瓣中查询图书


正题名:读史集     索取号:K03/14         预约/预借

序号 登录号 条形码 馆藏地/架位号 状态 备注
1 0079746   001419478   第二样本阅览室/ [索取号:K03/14] 在馆    
2 0079747   001419487   密集书库/ [索取号:K03/14] 在馆    
3 0079748   001859643   密集书库/ [索取号:K03/14] 在馆    
4 0079749   001859590   密集书库/ [索取号:K03/14] 在馆    
5 0079750   001859607   密集书库/ [索取号:K03/14] 在馆    
6 0079751   001656201   密集书库/ [索取号:K03/14] 在馆    
唐山师范学院图书馆 欢迎您!
大连网信软件有限公司© 版权所有